| 000 | 00364 a2200133 4500 | ||
|---|---|---|---|
| 001 | ART_6356 | ||
| 005 | 20260410161619.0 | ||
| 008 | 260409a | ||
| 245 | 1 | 0 | _aLos activos intangibles y la contabilidad |
| 100 | 1 | _aDíaz, Teresa | |
| 700 | 1 | _aBertolino, Gisela | |
| 700 | 1 | _aSuardi, Diana | |
| 773 | 0 |
_tEnfoques _g- Nº 1 (ene. 2009) _wREV416 |
|
| 999 |
_c11390 _d11390 |
||